00729nam a2200193Ia 4500003000900000008004100009040001600050080001800066110004600084245008300130260005500213300001400268650003100282650005900313650001900372942000700391999001500398952012200413IN-BaIIA211028s9999 xx 000 0 eng d cIIA Library a(038):92bDIC aInternational Biographical Centres913324 0aDictionary of internatiional biographycInternational Biographical Centres  aCambridgebInternational Biographical Centrec1982 axv, 885p. aBiography-Scientists99642 aDictionaries-International Biography, biography913325 aNASA Thesaurus cBK c7904d7904 00104070aBANbBANcGENd1984-07-05g521.60l0o(038):92/ DICp8727r2021-11-05v521.60w1984-07-05yBKGRs. 521.60